Music Quiz

Random Music or Lyrics Quiz

'God Only Knows' Lyrics Quiz Stats

 Plays Quiz Updated May 30, 2018

Challenge
Share
Tweet
Embed
Score 0/115 Timer 06:00
1 Play Today
% Correct
go
98.9%
go
98.9%
I
98.7%
on
98.6%
on
98.6%
knows
98.3%
knows
98.3%
knows
98.3%
knows
98.3%
only
98.3%
only
98.3%
only
98.3%
only
98.3%
God
97.8%
God
97.8%
God
97.8%
God
97.8%
you
97.3%
you
97.3%
You
97.3%
you
97.3%
you
97.3%
you
97.3%
you
97.3%
you
97.3%
you
97.3%
you...
97.3%
be
94%
be
94%
be
94%
be
94%
what
93.8%
what
93.8%
what
93.8%
what
93.8%
what
93.8%
what
93.8%
without
91.6%
without
91.6%
% Correct
without
91.6%
without
91.6%
The
90.8%
The
90.8%
I'd
89.5%
I'd
89.5%
I'd
89.5%
I'd
89.5%
do
87.8%
do
87.8%
love
87.3%
me
85.6%
me
85.6%
me
85.6%
me?
85.6%
me
85.6%
me
85.6%
me
85.6%
me?
85.6%
not
81.5%
to
80%
to
80%
to
80%
would
79.2%
would
79.2%
would
79.2%
would
79.2%
are
78.1%
If
77.6%
If
77.6%
But
77.2%
always
76.4%
it
75.7%
it
75.7%
there
75.7%
as
75.4%
may
74.2%
ever
72.6%
ever
72.6%
% Correct
so
72.3%
So
72.3%
So
72.3%
should
71.5%
should
71.5%
above
71.1%
leave
70.6%
leave
70.6%
stars
69.7%
long
68.3%
good
66%
good
66%
life
65.3%
life
65.3%
about
64%
never
63.5%
could
63.5%
could
63.5%
livin'
63.2%
livin'
63.2%
believe
62.4%
believe
62.4%
I'll
61.4%
world
61.2%
world
61.2%
still
59.3%
still
59.3%
need
59%
sure
58.5%
make
57.4%
nothing
56.2%
nothing
56.2%
doubt
55.2%
show
45%
show
45%
Though
28.3%
Though
28.3%

You're not logged in!

Compare scores with friends on all Sporcle quizzes.
OR
Log In

You Might Also Like...

Show Comments

Extras

Top Quizzes Today


Score Distribution

Your Account Isn't Verified!

In order to create a playlist on Sporcle, you need to verify the email address you used during registration. Go to your Sporcle Settings to finish the process.

Report this User

Report this user for behavior that violates our Community Guidelines.

Details: